| 000 | 00434nam a2200157Ia 4500 | ||
|---|---|---|---|
| 008 | 210210b2005 xxu||||| |||| 00| 0 eng d | ||
| 020 | _a81 86771 87 5 | ||
| 082 | _a305.4 REDW | ||
| 100 | _aREDDY (V Narayan) and others. | ||
| 245 | _aWomen in development: challenges and achievements. | ||
| 260 |
_aN D _bSerials Publications _c2005 |
||
| 300 | _axviii,345 | ||
| 650 | _aWomen Woman | ||
| 690 | _aWomen Studies | ||
| 906 | _a060888 | ||
| 999 |
_c107909 _d107909 |
||